East Coast Map Quiz - Statistics

General Stats
  • This quiz has been taken 169 times
  • The average score is 11 of 14
Answers on the Map
Answers color-coded by a green-red scale on the quiz's map according to % correct below.
 
Answer Stats
Answer % Correct
Maine
88%
New York
88%
Florida
87%
Georgia
86%
Rhode Island
84%
New Hampshire
83%
New Jersey
83%
South Carolina
83%
North Carolina
80%
Maryland
78%
Delaware
77%
Massachusetts
77%
Virginia
76%
Connecticut
73%
No matching quizzes found
Score Distribution
Percent of People with Each Score
Percentile by Number Answered
Your Score History
You have not taken this quiz